Cities closest to continents - Statistics

General Stats
  • This quiz has been taken 35 times
    26 since last reset
  • The average score is 13 of 32
Answer Stats
Distance City % Correct
African city closest to... ...mainland Asia 110 km Cairo
83%
...mainland Europe 0 km Istanbul
83%
...mainland North America 6,100 km Istanbul
83%
...mainland Asia 0 km Istanbul
83%
...mainland Australia 6,800 km Antananarivo
72%
...mainland North America 4,600 km Casablanca
61%
...mainland Europe 30 km Tangier
61%
Asian city closest to... ...mainland Africa 190 km Jeddah
56%
...mainland South America 230 km Panama City
50%
North American city closest to... ...mainland Africa 5,400 km Boston
44%
...mainland Europe 4,900 km Boston
44%
...mainland South America 5,600 km Lisbon
44%
...mainland North America 3,300 km Dublin
39%
Oceanian city closest to... ...mainland Africa 8,200 km Perth
39%
...mainland Asia 3,900 km Perth
39%
...mainland Australia 11,200 km San Francisco
39%
...mainland South America 2,900 km Freetown
33%
European city closest to... ...mainland Africa 120 km Málaga
33%
...mainland Asia 3,200 km Vancouver
33%
Yekaterinburg
33%
Yekaterinburg
33%
...mainland Europe 5,500 km Fortaleza
28%
...mainland Europe 9,700 km Honolulu
28%
...mainland North America 3,800 km Honolulu
28%
...mainland South America 8,700 km Honolulu
28%
...mainland Australia 1200 km Denpasar
22%
...mainland North America 260 km Medellín
22%
...mainland Asia 9,100 km Barranquilla
17%
...mainland South America 8,100 km Izmir
17%
South American city closest to... ...mainland Africa 2,900 km Natal
11%
...mainland Australia 10,100 km Ufa
11%
...mainland Australia 10,600 km Concepción
6%
No matching quizzes found
Score Distribution
Percent of People with Each Score
Percentile by Number Answered
Your Score History
You have not taken this quiz since the last reset